| 000 | 00649nam a2200229Ia 4500 | ||
|---|---|---|---|
| 008 | 160319s9999 xx 000 0 und d | ||
| 020 | _a971-23-4249-2 | ||
| 050 | _aFIL PE 1112 | ||
| 050 | _b.F47N4 2005 c.1 | ||
| 100 | _aFernando, Jovita N. | ||
| 245 | _aNew perspective in English one / | ||
| 245 | _cJovita N. Fernando, Pacita I. Habana, Alicia L. Cinco. | ||
| 260 | _aManila : | ||
| 260 | _bRex Book Store, Inc., | ||
| 260 | _c2005 | ||
| 300 | _a244 pages : | ||
| 300 | _billustrations ; | ||
| 300 | _c22 cm. | ||
| 500 | _aIncludes index. | ||
| 650 | _aEnglish language -- Grammar. | ||
| 650 | _xEnglish language -- Composition. | ||
| 999 |
_c291739 _d291739 |
||